| 000 | 01132nam a2200229Ia 4500 | ||
|---|---|---|---|
| 999 |
_c34635 _d34635 |
||
| 001 | 400 | ||
| 003 | GE_BSU | ||
| 005 | 20250417115649.0 | ||
| 008 | 181216s1983||||ge |||||||||||||| ||geo|| | ||
| 040 | _cGE_BSU | ||
| 041 | _ageo | ||
| 080 | _a502(075.8) გ–945 | ||
| 100 |
_aგულისაშვილი, ვ. _91111 |
||
| 245 |
_aმეთოდური მითითებანი ბუნების დაცვაში / _cსაქ. სსრ უმაღლ. და საშ. სპეც. განათლ. სამინისტროს უმაღლ. განათლ. სამეცნ.-მეთოდ. კაბ-ტი. |
||
| 264 |
_aთბილისი : _bთბილ. უნ-ტის გამ-ბა და სტ., _c1983. |
||
| 300 |
_a124 გვ.; _b20სმ. |
||
| 541 | _h5ლ. | ||
| 653 | _aბუნების დაცვა | ||
| 700 |
_aურუშაძე, თენგიზ _e ავტორი _924862 |
||
| 856 |
_uhttps://dspace.nplg.gov.ge/bitstream/1234/403168/1/Metoduri_Mititebebani_Bunebis_Dacvashi_1983.pdf _yელ. ვერსია |
||
| 942 |
_cBK _2udc |
||